Produktová politika vzdelávacej inštitúcie-proces jej tvorby a stratégia pri príprave vzdelávacej služby

Kurikulárna teória-teória cieľovo orientovaného vyučovania. Kurikulum, jeho charakteristika. Didaktika. Marketingová stratégia. Produkt vzdelávacej inštitúcie. Význam vzdelávacieho procesu.

Salvato in:
Dettagli Bibliografici
Autore principale: Matulčíková, Marta, 1964-
Natura: Capitolo di libro
Lingua:slovacco
Soggetti:
Tags: Aggiungi Tag
Nessun Tag, puoi essere il primo ad aggiungerne!!

MARC

LEADER 00000naa$a2200000$$$4500
001 0067436
005 20250321103031.9
041 0 |a slo 
044 |a SK 
245 1 0 |a Produktová politika vzdelávacej inštitúcie-proces jej tvorby a stratégia pri príprave vzdelávacej služby  |c Marta Matulčíková 
520 |a Kurikulárna teória-teória cieľovo orientovaného vyučovania. Kurikulum, jeho charakteristika. Didaktika. Marketingová stratégia. Produkt vzdelávacej inštitúcie. Význam vzdelávacieho procesu. 
610 2 0 |a inštitúcia 
610 2 0 |a služby 
610 2 0 |a vzdelávanie 
610 2 0 |a pedagogika 
610 2 0 |a marketing 
610 2 0 |a kurikulum 
100 1 |a Matulčíková, Marta, 1964-